000 01122nam a2200229Ia 4500
001 L236-10902
003 IT-CnALBA
008 170116s9999||||xx |||||||||||||| ||und||
040 _aIT-CnALBA
_cIT-CnALBA
041 _aITALIANO
100 _aSCHMAUS MICHAEL.
245 0 _aLE ULTIME REALTÀ.
250 _a1a ed.
260 _aCINISELLO BALSAMO (MI)
_bEDIZIONI PAOLINE
_c1960 [1° Ed.:1960 - Ed.Ling.Originale: 1948]
300 _a624 p. (prefazione: 7)
500 _aESCATOLOGIA TEMPORALITA' STORICITÀ. RIVELAZIONE. ANTICO TESTAMENTO. NUOVO TESTAMENTO. SECONDA VENUTA DI CRISTO. RISURREZIONE DEI MORTI. GIUDIZIO PURIIFICAZIONE. PARADISO. INFERNO. TRADUZIONE DAL TEDESCO DI MABRITTO T.
501 _aSocietà San Paolo EM - Piazza San Paolo, 14 - 12051 ALBA (CN) (non commercial uses only) ® Copyright 2017
520 _aESCATOLOGIA TEMPORALITA' STORICITÀ. RIVELAZIONE. ANTICO TESTAMENTO. NUOVO TESTAMENTO. SECONDA VENUTA DI CRISTO. RISURREZIONE DEI MORTI. GIUDIZIO PURIIFICAZIONE. PARADISO. INFERNO. TRADUZIONE DAL TEDESCO DI MABRITTO T.
650 _aESCATOLOGIA
942 _cBK
957 _71
999 _a15655
_bNO
_g Copie: 1
_c270079
_d270079